书目信息 |
| 题名: |
放射生物学分子理论
|
|
| 作者: | 查德威克 , Chadwick , 莱恩豪特 , Leenhouts 著 ;张卿西 , 杜德林 , 魏康 译 | |
| 分册: | ||
| 出版信息: | 北京 原子能出版社 1987 |
|
| 页数: | 412页 | |
| 开本: | 20cm | |
| 丛书名: | ||
| 单 册: | ||
| 中图分类: | Q691 | |
| 科图分类: | ||
| 主题词: | 放射生物学-分子生物学 , 分子生物学-放射生物学 | |
| 电子资源: | ||
| ISBN: | ||
| 000 | 01132nam0 2200349 45 | |
| 001 | 0187010565 | |
| 005 | 20040525091307.9 | |
| 010 | @dCNY3.00 | |
| 091 | @a15175.618 | |
| 100 | @a19900912d1987 em y0chiy0121 ea | |
| 101 | 1 | @achi@ceng |
| 102 | @aCN@b110000 | |
| 105 | @ay z 000yy | |
| 106 | @ar | |
| 200 | 10 | @a放射生物学分子理论@Afang she sheng wu xue fen zi li lun@f(荷兰)查德威克(Chadwick,K.H.), (荷兰)莱恩豪特(Leenhouts,H.P.)著@g张卿西等译 |
| 210 | @a北京@c原子能出版社@d1987 | |
| 215 | @a412页@d20cm | |
| 300 | @a书名原文: The molecular theory of radiation biology. | |
| 510 | 1 | @aThe molecular theory of radiation biology@zeng |
| 606 | @a放射生物学-分子生物学 | |
| 606 | @a分子生物学-放射生物学 | |
| 690 | @aQ691@v3 | |
| 701 | 1 | @a查德威克@Acha de wei ke@bK.H.@4著 |
| 701 | A1 | @aChadwick@bK.H.@4著 |
| 701 | 1 | @a莱恩豪特@Alai en hao te@bH.P.@4著 |
| 701 | A1 | @aLeenhouts@bH.P.@4著 |
| 702 | 0 | @a张卿西@Azhang qing xi@4译 |
| 702 | 0 | @a杜德林@Adu de lin@4译 |
| 702 | 0 | @a魏康@Awei kang@4译 |
| 801 | 0 | @aCN@b深圳图书馆@c20040525 |
| 801 | 2 | @aCN@bNLC@c20040525 |
| 905 | @f2@b206186-187@dQ691@e12 | |
| 放射生物学分子理论/(荷兰)查德威克(Chadwick,K.H.), (荷兰)莱恩豪特(Leenhouts,H.P.)著/张卿西等译.-北京:原子能出版社,1987 |
| 412页;20cm |
| 书名原文: The molecular theory of radiation biology. |
| ISBN :CNY3.00 |
| ● |
| 相关链接 |
|
|
|
|
正题名:放射生物学分子理论
索取号:Q691/12
 
预约/预借
| 序号 | 登录号 | 条形码 | 馆藏地/架位号 | 状态 | 备注 |
| 1 | 0206186 | 000703643 | 第三借阅区/ [索取号:Q691/12] | 在馆 | |
| 2 | 0206187 | 000703572 | 密集书库/ [索取号:Q691/12] | 在馆 | |
| 3 | 0206188 | 202100387 | 第二样本阅览室/ [索取号:Q691/12] | 在馆 |